|
|
|
|
| LEADER |
01077nam a22002897a 4500 |
| 001 |
38699 |
| 003 |
BD-DhAAL |
| 008 |
220525m20022002nyua 000 0 eng d |
| 999 |
|
|
|c 44228
|d 44228
|
| 020 |
|
|
|a 9780077595104
|
| 040 |
|
|
|a BD-DhAAL
|c BD-DhAAL
|
| 082 |
|
|
|a 428.64
|
| 100 |
|
|
|a Kirn, Elaine.
|9 48734
|
| 245 |
|
|
|a Interactions 2 :
|b reading /
|c Elaine Kirn, Pamela Hartmann.
|
| 246 |
|
|
|a Interactions two :
|b reading
|
| 246 |
|
|
|a Reading
|
| 250 |
|
|
|a Sixth edition
|
| 260 |
|
|
|a New York :
|b McGraw-Hill,
|c c2014.
|
| 300 |
|
|
|a xvii, 247 pages :
|b illustrations ;
|c 26 cm.
|
| 526 |
|
|
|a BIL
|
| 541 |
|
|
|a Development Book Agency
|e 38699
|
| 650 |
|
|
|a English language
|v Textbooks for foreign speakers.
|9 48735
|
| 650 |
|
|
|a College readers.
|9 48736
|
| 700 |
|
|
|a Hartmann, Pamela.
|9 48737
|
| 852 |
|
|
|a Ayesha Abed Library
|c General Stacks
|
| 942 |
|
|
|2 ddc
|c BK
|
| 952 |
|
|
|0 0
|1 0
|2 ddc
|4 0
|6 428_640000000000000_KIR
|7 0
|9 70685
|a BRACUL
|b BRACUL
|c GEN
|d 2022-05-22
|e Development Book Agency
|g 4433.00
|l 3
|m 10
|o 428.64 KIR
|p 3010038699
|q 2026-08-06
|r 2025-12-09
|s 2025-12-09
|t 1
|v 4433.00
|w 2022-05-22
|y BK
|